LEADER 01319nam0 22002893i 450 001 SUN0061747 005 20071019120000.0 010 $a88-7989-031-X 100 $a20071019d1993 |0itac50 ba 101 $aita 102 $aIT 105 $a|||| ||||| 200 1 $aFrancesco d'Assisi e le origini dell'arte del Rinascimento in Italia$fHenry Thode$ga cura di Luciano Bellosi$gnote filologiche di Giovanna Ragionieri$gtraduzione di Rossella Zeni 210 $aRoma$cDonzelli$d[1993] 215 $aXX, 556 p., [24] c. di tav.$cill.$d22 cm. 410 1$1001SUN0041063$12001 $aSaggi. Arti e lettere$1210 $aRoma$cDonzelli. 620 $dRoma$3SUNL000360 700 1$aThode$b, Henry$3SUNV048758$0390208 702 1$aBellosi$b, Luciano$3SUNV023074 702 1$aRagionieri$b, Giovanna$3SUNV047297 712 $aDonzelli$3SUNV000184$4650 801 $aIT$bSOL$c20181109$gRICA 912 $aSUN0061747 950 $aUFFICIO DI BIBLIOTECA DEL DIPARTIMENTO DI LETTERE E BENI CULTURALI$d07 CONS Kc 2230 $e07 7651 995 $aUFFICIO DI BIBLIOTECA DEL DIPARTIMENTO DI LETTERE E BENI CULTURALI$bIT-CE0103$h7651$kCONS Kc 2230$oc$qa 996 $aFranz von Assisi und die Anfänge der Kunst der Renaissance in Italien$948402 997 $aUNICAMPANIA